| 000 | 01115nam a22003495i 4500 | ||
|---|---|---|---|
| 999 |
_c29345 _d29316 |
||
| 001 | 018422161 | ||
| 003 | EG-ScBUE | ||
| 005 | 20210809101830.0 | ||
| 008 | 170710s2017 enk f b 000 0 eng d | ||
| 020 | _a9781912128778 | ||
| 040 |
_aUk _beng _erda _cUk _dEG-ScBUE |
||
| 082 | 0 | 4 |
_a907.2 _bPIE _222 |
| 100 | 1 |
_aPiercey, Nicholas, _eauthor. |
|
| 245 | 1 | 3 |
_aAn analysis of Richard J. Evans's : _bin defence of history / _cNicholas Piercey, Tom Stammers. |
| 264 | 1 |
_aLondon : _bRoutledge : _bMacat International Ltd, _c2017. |
|
| 300 |
_a108 pages ; _c18 cm. |
||
| 336 |
_atext _2rdacontent _btxt |
||
| 337 |
_acomputer _2rdamedia _bn |
||
| 338 |
_aonline resource _2rdacarrier _bnc |
||
| 490 | 0 | _aMacat library | |
| 504 | _aIncludes bibliographical references. | ||
| 650 | 7 |
_aHistory _xMethodology. _2BUEsh |
|
| 650 | 7 |
_aHistory _xResearch. _2BUEsh |
|
| 653 |
_bGGEN _cAugust2021 |
||
| 655 |
_vReading book _934232 |
||
| 700 | 1 |
_aStammers, Tom, _eauthor. |
|
| 903 | _aELD.DS.155743 | ||
| 942 |
_2ddc _cBB |
||